00672nam a2200193 a 450000100100000000500170001000800410002702000180006804000250008608200170011110000270012824500570015526000360021230000360024850000420028450400560032665000390038265000570042100000296820200929150309.0090706s2008 dr ac 001 0 spa d a9789945162493 aDO-SdBNPbspacBNPHU a625.7bC183y1 aCamilo, Antonio Manuel10aYo soy la autopista Duarte /cAntonio Manuel Camilo. aSanto Domingo :bBúho,c2008. a317 p. :bil., retrs. ;c23 cm. aIncluye datos biográficos del autor aIncluye bibliografía y notas al pie de páginas. 4aAutopistaszRepública Dominicana 4aConstrucción de carreteraszRepública Dominicana